Statistiques concernant Frontières du Laos

Cliquez ici pour prendre le quiz!

Statistiques générales

  • Ce quiz a été pris 236 fois
  • Le résultat moyen est 5 sur 5

Statistiques - réponses

LongueursPays frontalier% Correct
505 kmChine
99%
1754 kmThailande
99%
2130 kmVietnam
98%
235 kmBirmanie
95%
541 kmCambodge
95%

Distribution des résultats

Percentile par nombre de réponses

% des personnes avec chaque résultat

Votre développement - résultats

Vous n’avez pas pris ce quiz